[Event "FICGS W-ch st2 g02 email"]
[Site "FICGS email"]
[Date "2017.07.19"]
[Round "1"]
[White "Bernal Varela, Nelson"]
[Black "Jordan, Mark A"]
[Result "1/2-1/2"]
[WhiteElo "2208"]
[BlackElo "2036"]
[PlyCount "36"]
[EventDate "2017.??.??"]
[EventType "tourn (corr)"]
[EventRounds "8"]
[SourceTitle "Corr 2022"]
[Source "ChessBase"]
[SourceDate "2021.10.24"]
[SourceVersion "1"]
[SourceVersionDate "2021.10.24"]
[SourceQuality "1"]

1. e4 e5 2. Nf3 Nc6 3. Bb5 Nf6 4. d3 Bc5 5. Bxc6 dxc6 6. 0-0 Nd7 7. Re1 0-0 8. c3 h6 9. Nbd2 Re8 10. Nc4 a5 11. a4 b6 12. b3 Qf6 13. Bb2 Ba6 14. d4 Bxc4 15. bxc4 Be7 16. Qe2 Qg6 17. Qd3 Rad8 18. Qc2 Bf6 1/2-1/2

[Event "FICGS W-ch st1 g04 email"]
[Site "FICGS email"]
[Date "2016.11.02"]
[Round "1"]
[White "Jordan, Mark A"]
[Black "Cirovic, Zeljko"]
[Result "1-0"]
[WhiteElo "1968"]
[BlackElo "1476"]
[PlyCount "53"]
[EventDate "2016.??.??"]
[EventType "tourn (corr)"]
[EventRounds "8"]
[SourceTitle "Corr 2022"]
[Source "ChessBase"]
[SourceDate "2021.10.24"]
[SourceVersion "1"]
[SourceVersionDate "2021.10.24"]
[SourceQuality "1"]

1. e4 d6 2. d4 g6 3. Nf3 Bg7 4. Nc3 Nf6 5. Be2 0-0 6. 0-0 Bg4 7. Be3 Bxf3 8. Bxf3 c6 9. Qd2 Ne8 10. g3 e5 11. dxe5 Bxe5 12. Bg2 Nd7 13. f4 Bg7 14. a4 f5 15. a5 fxe4 16. Nxe4 Ndf6 17. Ng5 Qe7 18. Rae1 h6 19. Bd4 Qxe1 20. Rxe1 hxg5 21. fxg5 Nd5 22. Bxd5+ cxd5 23. Bxg7 Kxg7 24. Re7+ Rf7 25. Qd4+ Kg8 26. Qxd5 Kf8 27. Qxf7# 1-0

[Event "FICGS W-ch st1 g04 email"]
[Site "FICGS email"]
[Date "2016.11.02"]
[Round "1"]
[White "Pechova, Hana"]
[Black "Jordan, Mark A"]
[Result "1/2-1/2"]
[WhiteElo "1234"]
[BlackElo "1968"]
[PlyCount "148"]
[EventDate "2016.??.??"]
[EventType "tourn (corr)"]
[EventRounds "8"]
[SourceTitle "Corr 2022"]
[Source "ChessBase"]
[SourceDate "2021.10.24"]
[SourceVersion "1"]
[SourceVersionDate "2021.10.24"]
[SourceQuality "1"]

1. d4 Nf6 2. c4 e6 3. Nf3 d5 4. Nc3 Be7 5. Bf4 0-0 6. e3 Nbd7 7. cxd5 Nxd5 8. Nxd5 exd5 9. Bd3 c5 10. 0-0 c4 11. Bc2 Nf6 12. Ne5 Be6 13. Bg5 Rc8 14. f4 Rc7 15. b3 cxb3 16. axb3 a6 17. Bd3 Nd7 18. Bxe7 Qxe7 19. Qd2 g6 20. Nxd7 Bxd7 21. f5 Rc6 22. Rf4 g5 23. Rf3 Re8 24. Ra5 b5 25. g4 f6 26. b4 Kg7 27. Ra1 Rh8 28. h4 h5 29. hxg5 hxg4 30. Qg2 fxg5 31. Qxg4 Kf8 32. Bf1 Rf6 33. Rb1 Kf7 34. Rb2 Qe4 35. Qxe4 dxe4 36. Rg3 Rg8 37. Rbg2 Rxf5 38. Rh2 Rf3 39. Rxf3+ exf3 40. Rh7+ Ke8 41. Kf2 g4 42. Kg3 Rf8 43. Kf2 Rf6 44. Bd3 Rd6 45. Rh5 Rc6 46. Rh8+ Ke7 47. Rh7+ Kd8 48. Rh8+ Kc7 49. Rh7 Rf6 50. e4 Rg6 51. Kg3 Rd6 52. d5 Kd8 53. Rh2 Kc7 54. Bc2 Bc8 55. Bb3 Rd8 56. e5 Bf5 57. Bc2 Rxd5 58. Bxf5 Rxe5 59. Bxg4 Re4 60. Rh7+ Kd6 61. Rh6+ Ke7 62. Kxf3 Rxb4 63. Rxa6 Rb3+ 64. Kf4 Rb4+ 65. Kf5 Kd7 66. Be2 Kc7 67. Ke5 Ra4 68. Rh6 b4 69. Kd4 b3+ 70. Kc3 Re4 71. Bd1 Re3+ 72. Kb2 Kd7 73. Bxb3 Rf3 74. Bc4 Ke7 1/2-1/2

[Event "FICGS W-ch st1 g04 email"]
[Site "FICGS email"]
[Date "2016.11.02"]
[Round "1"]
[White "Romano, Jacopo"]
[Black "Jordan, Mark A"]
[Result "1/2-1/2"]
[WhiteElo "2032"]
[BlackElo "1968"]
[PlyCount "63"]
[EventDate "2016.??.??"]
[EventType "tourn (corr)"]
[EventRounds "8"]
[SourceTitle "Corr 2022"]
[Source "ChessBase"]
[SourceDate "2021.10.24"]
[SourceVersion "1"]
[SourceVersionDate "2021.10.24"]
[SourceQuality "1"]

1. e4 e6 2. d4 d5 3. Nc3 Nf6 4. e5 Nfd7 5. f4 c5 6. Nf3 Nc6 7. Be3 a6 8. Qd2 b5 9. a3 Rb8 10. dxc5 Bxc5 11. Bxc5 Nxc5 12. b4 Nd7 13. Bd3 Qb6 14. Ne2 f6 15. exf6 Nxf6 16. 0-0-0 a5 17. Nfd4 0-0 18. Nxc6 Qxc6 19. Rhe1 Ra8 20. Nd4 Qb6 21. Qc3 axb4 22. axb4 Qd6 23. g3 Ra4 24. Nxb5 Qxb4 25. Kd2 Ba6 26. Qxb4 Rxb4 27. Rb1 Rxb1 28. Rxb1 Rb8 29. Rb3 Bxb5 30. Rxb5 Rxb5 31. Bxb5 h6 32. Kc3 1/2-1/2

[Event "FICGS W-ch st1 g19 email"]
[Site "FICGS email"]
[Date "2007.01.16"]
[Round "1"]
[White "Behrmann, Klaus"]
[Black "Jordan, Mark A"]
[Result "0-1"]
[WhiteElo "1775"]
[BlackElo "1700"]
[PlyCount "52"]
[EventDate "2007.??.??"]
[EventType "tourn (corr)"]
[EventRounds "8"]
[SourceTitle "Corr 2022"]
[Source "ChessBase"]
[SourceDate "2021.10.24"]
[SourceVersion "1"]
[SourceVersionDate "2021.10.24"]
[SourceQuality "1"]

1. Nf3 d5 2. g3 Nf6 3. Bg2 g6 4. 0-0 Bg7 5. c4 0-0 6. cxd5 Nxd5 7. d4 Nb6 8. Nc3 Nc6 9. d5 Na5 10. Bf4 Bxc3 11. bxc3 Qxd5 12. Bxc7 Qc4 13. Bxb6 axb6 14. Qd3 Qc7 15. Rfd1 Nc4 16. Qd4 e5 17. Qh4 Kg7 18. a4 Bf5 19. Ne1 f6 20. Bd5 Nb2 21. Rdc1 Rfd8 22. e4 Bd7 23. c4 h5 24. f4 Qc5+ 25. Kg2 Qe3 26. Rc2 Bg4 0-1

[Event "FICGS W-ch st1 g19 email"]
[Site "FICGS email"]
[Date "2007.01.16"]
[Round "1"]
[White "Jordan, Mark A"]
[Black "Lowrance, Wayne"]
[Result "1-0"]
[WhiteElo "1700"]
[BlackElo "2037"]
[PlyCount "81"]
[EventDate "2007.??.??"]
[EventType "tourn (corr)"]
[EventRounds "8"]
[SourceTitle "Corr 2022"]
[Source "ChessBase"]
[SourceDate "2021.10.24"]
[SourceVersion "1"]
[SourceVersionDate "2021.10.24"]
[SourceQuality "1"]

1. e4 e5 2. Nf3 Nc6 3. Bb5 Nf6 4. 0-0 Nxe4 5. d4 Be7 6. Qe2 Nd6 7. Bxc6 bxc6 8. dxe5 Nf5 9. c4 0-0 10. Nc3 Rb8 11. Rd1 Re8 12. Bf4 d6 13. b3 f6 14. exd6 Bxd6 15. Qc2 Bd7 16. Bxd6 Nxd6 17. h3 Bf5 18. Qd2 Ne4 19. Nxe4 Bxe4 20. Qf4 Qc8 21. Rd4 Bg6 22. Rad1 Re7 23. Re1 Rxe1+ 24. Nxe1 Qe6 25. Nf3 Qe7 26. Qd2 Be8 27. Qa5 Ra8 28. Nh4 g6 29. Nf3 a6 30. Rd3 Bf7 31. Qd2 Rc8 32. Nd4 Be8 33. Re3 Qd7 34. Nf3 Qxd2 35. Nxd2 Kf7 36. Ne4 Rd8 37. Rf3 f5 38. Ng5+ Kg8 39. Re3 h6 40. Ne6 Rd1+ 41. Kh2 1-0